Historia de las Universidades Estatales /

Gorde:
Xehetasun bibliografikoak
Egile nagusia: Castrejón Díez, Jaime (autor)
Beste egile batzuk: Pérez Lizaur, Marisol (autor) (autor)
Formatua: Liburua
Hizkuntza:gaztelania
Argitaratua: México : Secretaría de Educación Pública, 1976
Gaiak:
Etiketak: Etiketa erantsi
Etiketarik gabe, Izan zaitez lehena erregistro honi etiketa jartzen!

MARC

LEADER 00000nam^a2200000^a^4500
001 000023223
005 20250521000000.0
009 20260310084525.159
037 |a Acervo ITESO - Biblioteca 
041 |a ESP 
082 |a 379. 72  |b CAS V. 1 
100 |a Castrejón Díez, Jaime  |e (autor) 
245 1 0 |a Historia de las Universidades Estatales /  |c J. Castrejón Díez, M. Perez Lizaur. 
264 1 |a México :  |b Secretaría de Educación Pública,  |c 1976 
300 |a 2 v. 
336 |a texto  |b txt  |2 rdacontenido 
337 |a sin mediación  |b n  |2 rdamedio 
338 |a volumen  |b nc  |2 rdasoporte 
649 |a XX 
650 |a Educación Superior -  |z México 
650 |a Universidades -  |z México 
650 |a Educación Pública -  |z México -  |x Historia 
700 |a Pérez Lizaur, Marisol  |e (autor) 
910 |a Fondo General 
920 |a Impresos - Libros 
930 |a Colección General 
905 |a 101 
901 |a 0232230100  |b IT1  |c ACC  |i 023223  |u 20250521 
902 |a https://opac.biblio.iteso.mx/vufind/Record/000023223